| 000 | 01471nam a2200289 4500 | ||
|---|---|---|---|
| 001 | 113590 | ||
| 003 | DR-UNIBE | ||
| 005 | 20250509143051.0 | ||
| 008 | 250509b1998 ve ||||| |||| 00| 0 spa d | ||
| 022 | _a13168843 | ||
| 040 |
_aBIBLIOTECA UNIBE _bspa _cBIBLIOTECA UNIBE _erda |
||
| 041 | _aspa | ||
| 082 |
_222 _a347.013 R426i |
||
| 110 | 1 | 0 |
_aRepública de Venezuela. Corte Suprema de Justicia _9195171 |
| 245 | 1 | 0 |
_aCorte Suprema de Justicia: _binforme 1998 / _cCorte Suprema de Justicia; coordinación general: Juan Francisco Corral ; diseño gráfico: Daniela Ulian ; fotografía : Marinao U. de Aldaca ; pintor de portada: Alirio Roríguez |
| 260 |
_aCaracas: _bEditorial Arte, _c1998 |
||
| 300 |
_a219 páginas : _c22 x 414 cm |
||
| 500 | _aInformación de la Corte Suprema de Justicia y sus miembros en la solapa. Foto de portada: detalle vitral "#La justicia", de Alirio Rodríguez | ||
| 505 | _aNota explicativa | Actividades institucionales | Actividades jurisdiccionales | Actividades administrativas | Proyecto de modernización | Anexos | ||
| 650 | 7 |
_2lemb _aPoder judicial _vIformes _zVenezuela _9195186 |
|
| 650 | 7 |
_2lemb _a Administración de justicia _vInformes _zVenezuela _9195187 |
|
| 700 |
_aCorral , Juan Francisco _9195181 _ecoordinador general |
||
| 700 |
_aUlian, Daniela _9195182 _ediseñador gráfico |
||
| 700 |
_aAldaca, Mariano de _9104981 _efotógrafo |
||
| 700 |
_aRoríguez, Alirio _9195183 _epintor de portada |
||
| 942 |
_2ddc _cBK |
||
| 999 |
_c113590 _d113590 |
||